000 006600000a22002290004500
003 LK-CoMWRAF
005 20231027125008.0
008 230817t1998 ||||| |||| 00| 0 eng d
020 _a8171694896
040 _aLK-CoMWRAF
_dLK-CoMWRAF
_eLK-CoMWRAF
041 _aeng
082 _a305.42
_bTAN
100 _aTandoon, R.K.
245 _aStatus of women in contemporary world
260 _aNew Delhi:
_bCommonwealth Pub.,
_c1998
300 _a323 p. ; 22 cm
_bIndex included
650 _aWOMEN-Social conditions -- 20th century
650 _aWomen's rights
650 _a Women -- Social aspects
650 _aWomen -- Legal status, laws,
942 _cBK
999 _c1892
_d1892